Sonic Racing Crossworlds Roster - Statistics

General Stats
  • This quiz has been taken 91 times
    11 since last reset
  • The average score is 42 of 45
Answer Stats
Answer % Correct
AiAi
100%
Alex
100%
Amy
100%
Big
100%
Blaze
100%
Charmy
100%
Cream
100%
Creeper
100%
Eggman
100%
Egg Pawn
100%
Espio
100%
Hatsune Miku
100%
Jet
100%
Joker
100%
Kasuga Ichiban
100%
Knuckles
100%
Mega Man
100%
Metal Sonic
100%
NiGHT
100%
Omega
100%
Pac-Man
100%
Rouge
100%
Sage
100%
Shadow
100%
Silver
100%
Sonic
100%
Steve
100%
Storm
100%
Tails
100%
Vector
100%
Wave
100%
Zavok
100%
Zazz
100%
Ghosts
75%
Knuckles the Dread
75%
Nine
75%
Patrick
75%
Proto Man
75%
Rusty Rose
75%
SpongeBob
75%
Super Sonic
75%
Tangle
75%
Werehog
75%
Whisper
75%
Blinky
50%
No matching quizzes found
Score Distribution
Percent of People with Each Score
Percentile by Number Answered
Your Score History
You have not taken this quiz since the last reset